000 00853nam a2200277Ia 4500
003 OSt
005 20220928114138.0
006 a|||||r|||| 00| 0
007 ta
008 220927b |||||||| |||| 00| 0 eng d
024 _a31516
037 _cTextual
040 _aSDCL
_cSDCL
_beng
041 _2eng
_aeng
082 _aD65,481, P2
100 _aMandyam Giridhar
_9437149
245 0 _aThird-generation CDMA systems for enhanced data services.
260 _aElsevier
_bAcademic Press
_c2002
300 _aviii,275p.
_ccm.
490 _aAcademic press series communications, networking and multimedia.
650 _a Mobile Communication
_9437150
650 _aData Communications
_9437151
700 _a Lai Jersey
_9437152
942 _hD65,481, P2
_cTEXL
_2CC
999 _c753131
_d753131